[Event "andrewmichael"]
[Site "http://www.queenalice.com/game.php?id=212624"]
[Date "2007.5.18"]
[Round "-"]
[White "andrewmichael"]
[Black "xiao"]
[Result "1-0"]
[WhiteElo "1797"]
[BlackElo "1639"]

1. e4 e5 2. Nf3 Nc6 3. Bb5 a6 4. Ba4 Bc5 5. O-O b5 6. Bb3 Nf6 7. a4 b4 8. c3 a5
9. d4 exd4 10. cxd4 Be7 11. d5 Nb8 12. e5 Ne4 13. d6 cxd6 14. Qd5 1-0

[Event "andrewmichael"]
[Site "http://www.queenalice.com/game.php?id=212629"]
[Date "2007.5.18"]
[Round "-"]
[White "andrewmichael"]
[Black "umgeher"]
[Result "1-0"]
[WhiteElo "1902"]
[BlackElo "1590"]

1. e4 d5 2. exd5 Qxd5 3. Nc3 Qe5+ 4. Be2 f5 5. Nf3 Qd6 6. d4 Nf6 7. Nb5 Qb4+ 8.
Bd2 Qxb2 9. Nxc7+ Kd7 10. Nxa8 Ne4 11. Ne5+ Ke8 12. Rb1 Qxd4 13. Nc7+ Kd8 14.
Ne6+ Bxe6 15. Ba5+ b6 16. Qxd4+ Ke8 17. Bb5+ Bd7 18. Bxd7+ Nxd7 19. Qxd7# 1-0

[Event "Let's Play Chess!"]
[Site "http://www.queenalice.com/game.php?id=213715"]
[Date "2007.5.20"]
[Round "-"]
[White "andrewmichael"]
[Black "Barbudo"]
[Result "1-0"]
[WhiteElo "1968"]
[BlackElo "1674"]

1. e4 e5 2. Nf3 Nc6 3. Bb5 Nge7 4. O-O a6 5. Ba4 b5 6. Bb3 d5 7. exd5 Nxd5 8.
Nxe5 Nxe5 9. Re1 f6 10. d4 Bg4 11. Qxg4 Ne7 12. dxe5 fxe5 13. Qh5+ g6 14. Qxe5
Kd7 15. Qe6+ Ke8 16. Qc6+ Qd7 17. Qxa8+ Qd8 18. Bf7+ Kd7 19. Qxa6 Nf5 20. Qe6#
1-0

[Event "andrewmichael"]
[Site "http://www.queenalice.com/game.php?id=213777"]
[Date "2007.5.20"]
[Round "-"]
[White "andrewmichael"]
[Black "sphere"]
[Result "1-0"]
[WhiteElo "1962"]
[BlackElo "1499"]

1. e4 c5 2. Nf3 e6 3. Nc3 Nc6 4. Bc4 a6 5. O-O b5 6. Bd5 exd5 7. exd5 Na7 8.
Re1+ Ne7 9. d6 Nc6 10. Nd5 Ra7 11. Ng5 1-0

[Event "Challenge"]
[Site "http://www.queenalice.com/game.php?id=213788"]
[Date "2007.5.20"]
[Round "-"]
[White "andrewmichael"]
[Black "sunking"]
[Result "1-0"]
[WhiteElo "1858"]
[BlackElo "1682"]

1. e4 e5 2. Nf3 Nf6 3. Bc4 d5 4. exd5 e4 5. Qe2 Bg4 6. d3 c6 7. dxe4 Qe7 8. Nc3
b5 9. d6 Qxd6 10. e5 Qe6 11. Bxe6 Nh5 12. Bxg4 Nf4 13. Bxf4 Bb4 14. e6 O-O 15.
exf7+ Kxf7 16. Qe6# 1-0

[Event "AUTO-ADV-497"]
[Site "http://www.queenalice.com/game.php?id=213801"]
[Date "2007.5.20"]
[Round "1"]
[White "stuntlinguist"]
[Black "andrewmichael"]
[Result "1/2-1/2"]
[WhiteElo "2148"]
[BlackElo "1974"]

1. e4 c5 2. Nf3 d6 3. d4 cxd4 4. Nxd4 Nf6 5. Nc3 g6 6. Be3 Bg7 7. f3 O-O 8. Qd2
Bd7 9. O-O-O Nc6 10. g4 Qa5 11. h4 Rac8 12. Nb3 Qd8 13. h5 Be6 14. hxg6 fxg6 15.
Bh6 Bxb3 16. axb3 Ne5 17. Bxg7 Kxg7 18. Qh6+ Kg8 19. Nd5 Rf7 20. Nxf6+ exf6 21.
Qe3 Rfc7 22. c3 Qe7 23. Rh2 Qe6 24. Kc2 a6 25. Rhd2 Rc6 26. Be2 Re8 27. Rd5 Qe7
28. f4 Nf7 29. R5d4 b5 30. Kb1 Rec8 31. Bf3 R6c7 32. b4 Ra7 33. Rd5 a5 34. Rxb5
axb4 35. Rxb4 Re8 36. Qd4 Rea8 37. Be2 Qe6 38. Bc4 Qxg4 39. Bxf7+ Rxf7 40. Qxd6
Raa7 41. Rb8+ Kg7 42. Qd8 Qf3 43. Re1 Rad7 44. Qg8+ Kh6 45. Ra8 f5 46. Ra3 fxe4
47. c4 Rd1+ 48. Ka2 Rd3 49. Qxf7 Rxa3+ 50. bxa3 Qf2+ 51. Kb3 Qxe1 52. Qf6 Qg3+
53. Kb4 e3 54. Qe5 g5 55. fxg5+ Qxg5 56. Qe6+ Kg7 57. c5 h5 58. Qd7+ Kf6 59.
Qd6+ Kf5 60. Kc4 Qf4+ 61. Kd3 Qxd6+ 62. cxd6 Ke6 63. Kxe3 1/2-1/2

[Event "AUTO-ADV-497"]
[Site "http://www.queenalice.com/game.php?id=213802"]
[Date "2007.5.20"]
[Round "1"]
[White "andrewmichael"]
[Black "stuntlinguist"]
[Result "0-1"]
[WhiteElo "1980"]
[BlackElo "2076"]

1. d4 Nf6 2. c4 g6 3. Nc3 Bg7 4. e4 d6 5. f3 O-O 6. Be3 c5 7. dxc5 dxc5 8. Bxc5
Nc6 9. Qb3 Nd7 10. Bf2 Qa5 11. Ne2 Nc5 12. Bxc5 Qxc5 13. Rd1 Be6 14. Nd5 Nd4 15.
Nxe7+ Kh8 16. Nxd4 Bxd4 17. Nd5 Bxd5 18. cxd5 f5 19. Bd3 Rae8 20. Bc2 fxe4 21.
Bxe4 Rf4 22. Qd3 Bxb2 23. Rf1 Rexe4+ 24. fxe4 Qb4+ 25. Ke2 Rxe4+ 26. Kf2 Bd4+
27. Qxd4+ Rxd4 28. Rfe1 Qc5 29. Re8+ Kg7 30. Re7+ Kf8 0-1

[Event "AUTO-ADV-497"]
[Site "http://www.queenalice.com/game.php?id=213818"]
[Date "2007.5.20"]
[Round "1"]
[White "andrewmichael"]
[Black "jojo2017"]
[Result "1-0"]
[WhiteElo "1915"]
[BlackElo "1730"]

1. d4 d5 2. c4 Be6 3. Qb3 b6 4. e3 c6 5. Nf3 f6 6. Nc3 Bg4 7. cxd5 Bxf3 8. gxf3
e6 9. dxc6 Nxc6 10. Qxe6+ Nge7 11. Nb5 Qd5 12. Nc7+ 1-0

[Event "AUTO-ADV-497"]
[Site "http://www.queenalice.com/game.php?id=213827"]
[Date "2007.5.20"]
[Round "1"]
[White "brunoparadisi"]
[Black "andrewmichael"]
[Result "0-1"]
[WhiteElo "1779"]
[BlackElo "1942"]

1. e4 c5 2. Nf3 d6 3. Bc4 e6 4. c3 Nf6 5. d3 Nc6 6. O-O h6 7. Re1 Be7 8. d4 O-O
9. d5 Na5 10. Bf1 b6 11. b3 a6 12. c4 Nxe4 13. Rxe4 Bf6 14. Bxh6 exd5 15. cxd5
gxh6 16. Nbd2 Bxa1 17. Qxa1 f5 18. Rf4 Ra7 19. Nh4 Rg7 20. h3 Qg5 21. g3 Qxf4
22. Qc3 Qe5 23. Qd3 b5 24. Ndf3 Qb2 25. Qd2 Qxd2 26. Nxd2 Rc7 0-1

[Event "AUTO-ADV-497"]
[Site "http://www.queenalice.com/game.php?id=213828"]
[Date "2007.5.20"]
[Round "1"]
[White "andrewmichael"]
[Black "brunoparadisi"]
[Result "1-0"]
[WhiteElo "1956"]
[BlackElo "1800"]

1. d4 d5 2. c4 Nf6 3. cxd5 Qxd5 4. Nf3 e6 5. e3 Bb4+ 6. Bd2 Nc6 7. Bxb4 Nxb4 8.
Qa4+ Nc6 9. Ne5 O-O 10. Nc3 Qa5 11. Nxc6 Qxa4 12. Nxa4 bxc6 13. Rc1 Bd7 14. Nc5
Be8 15. Be2 Rb8 16. b3 Nd7 17. Na6 Rb7 18. Rxc6 Nf6 19. Rxc7 Rxc7 20. Nxc7 Bc6
21. O-O Rc8 22. Na6 Ne4 23. Rc1 Nd6 24. b4 g6 25. b5 Bb7 26. Rxc8+ Nxc8 27. Nb8
Nb6 28. Nc6 Bxc6 29. bxc6 Kf8 30. e4 f6 31. f4 Ke7 32. Bf3 Nc4 33. d5 exd5 34.
exd5 Kd6 35. g4 Nd2 36. Kf2 Nb1 37. Ke3 Nc3 38. a3 a5 39. Kd3 Nb5 40. a4 Na3 41.
Be4 Nb1 42. Bxg6 1-0

[Event "Challenge"]
[Site "http://www.queenalice.com/game.php?id=220426"]
[Date "2007.6.3"]
[Round "-"]
[White "pickles"]
[Black "andrewmichael"]
[Result "1-0"]
[WhiteElo "2010"]
[BlackElo "1985"]

1. Nf3 d5 2. d4 e6 3. c4 Nf6 4. Nc3 Bb4 5. cxd5 Bxc3+ 6. bxc3 exd5 7. Ba3 Ne4 8.
e3 c6 9. Qc2 Bg4 10. Ne5 Bh5 11. Bd3 Nf6 12. Rb1 Qc7 13. e4 Kd8 14. exd5 Nxd5
15. O-O f6 16. Nc4 b6 17. Nd6 a5 18. Nf5 g6 19. Ng3 Bg4 20. Rfe1 Na6 21. Bc4 Kc8
22. Qe4 Bd7 23. Bxd5 cxd5 24. Qxd5 Rb8 25. Ne4 Qc6 26. Qf7 Ra8 27. Nxf6 Rd8 28.
Nd5 Kb7 29. Rxb6+ Qxb6 30. Nxb6 Kxb6 31. Rb1+ 1-0

[Event "Challenge"]
[Site "http://www.queenalice.com/game.php?id=228005"]
[Date "2007.6.20"]
[Round "-"]
[White "vycthor"]
[Black "andrewmichael"]
[Result "0-1"]
[WhiteElo "1529"]
[BlackElo "2002"]

1. e4 c5 2. c4 Nc6 3. d3 g6 4. Nf3 Bg7 5. Na3 d6 6. Ng5 Nf6 7. Nb5 O-O 8. h4 Rb8
9. h5 Nxh5 10. Rxh5 gxh5 11. Qxh5 h6 12. Nf3 Qa5+ 13. Bd2 Nb4 14. Ke2 Bxb2 15.
Qxh6 Bg7 16. Qg5 a6 17. Nc3 Be6 18. Nd5 Bxd5 19. cxd5 Qa3 20. Rb1 Qxd3+ 21. Kd1
Qxb1+ 22. Bc1 Nxa2 23. Nh4 Nc3+ 24. Ke1 Nxe4 0-1

[Event "Challenge"]
[Site "http://www.queenalice.com/game.php?id=229028"]
[Date "2007.6.22"]
[Round "-"]
[White "gogi05"]
[Black "andrewmichael"]
[Result "0-1"]
[WhiteElo "1912"]
[BlackElo "1962"]

1. e4 c5 2. Nf3 d6 3. c3 Nf6 4. h3 Nc6 5. d3 g6 6. c4 Qa5+ 7. Nbd2 Bg7 8. Be2
O-O 9. O-O b6 10. a3 Nd7 11. Rb1 a6 12. Qc2 Bb7 13. Bd1 b5 14. Re1 Rfe8 15. Nb3
Qc7 16. Be3 Rac8 17. Nc1 bxc4 18. Qxc4 Nde5 19. Nxe5 Nxe5 20. Qc2 c4 21. d4 Nd3
22. Nxd3 Bxe4 23. Rc1 Qb7 24. f3 cxd3 25. Qd2 Rxc1 26. Qxc1 Bc6 27. a4 Qb4 28.
Rf1 Bxa4 29. Bxa4 Qxa4 30. Qc3 Qb5 31. Rd1 Rb8 32. Rxd3 Qxb2 33. Qa5 Qb1+ 0-1

[Event "Challenge"]
[Site "http://www.queenalice.com/game.php?id=234214"]
[Date "2007.7.3"]
[Round "-"]
[White "andrewmichael"]
[Black "KLEOJ"]
[Result "1-0"]
[WhiteElo "2002"]
[BlackElo "1958"]

1. d4 Nc6 2. d5 Ne5 3. e4 e6 4. Nc3 exd5 5. exd5 Bc5 6. Qe2 Qe7 7. Ne4 Bb6 8.
Bg5 f6 9. Bf4 d6 10. O-O-O Bg4 11. f3 Bf5 12. g4 Bxe4 13. fxe4 O-O-O 14. Nh3 Nh6
15. Bxh6 gxh6 16. Nf4 Rhg8 17. h3 f5 18. Ne6 fxe4 19. Nxd8 Qxd8 20. Qxe4 Qg5+
21. Kb1 Rf8 22. Be2 a6 23. Qxh7 Rf7 24. Qh8+ Kd7 25. Qa8 Rf2 26. Rhe1 Qg6 27.
Qxb7 Ba5 28. Bb5+ axb5 29. Re2 Rxe2 30. Qxb5+ c6 31. dxc6+ Nxc6 32. Qxe2 Bd8 33.
a4 Bf6 34. Qb5 Kc7 35. a5 Bd4 36. Rxd4 Qxc2+ 37. Ka2 Qc5 38. Qxc5 dxc5 39. Ra4
Kb7 40. Kb3 Ka6 41. Kc4 Nb4 42. Rxb4 cxb4 43. Kxb4 1-0

[Event "Challenge"]
[Site "http://www.queenalice.com/game.php?id=241441"]
[Date "2007.7.17"]
[Round "-"]
[White "andrewmichael"]
[Black "KLEOJ"]
[Result "1-0"]
[WhiteElo "1981"]
[BlackElo "1977"]

1. Nf3 Nc6 2. c4 f5 3. d4 e6 4. d5 exd5 5. cxd5 Nb8 6. Qc2 Bb4+ 7. Bd2 Bxd2+ 8.
Nbxd2 d6 9. e3 Nf6 10. Bb5+ Bd7 11. Bd3 g6 12. Qc3 O-O 13. O-O-O Nxd5 14. Bc4 c6
15. e4 fxe4 16. Nxe4 Be6 17. Qb3 b5 18. Bxd5 Bxd5 19. Rxd5 cxd5 20. Qxd5+ Kg7
21. Qxa8 Qc7+ 22. Kb1 Rc8 23. Nd4 b4 24. Ne6+ 1-0

[Event "Challenge"]
[Site "http://www.queenalice.com/game.php?id=245629"]
[Date "2007.7.25"]
[Round "-"]
[White "blikinn"]
[Black "andrewmichael"]
[Result "0-1"]
[WhiteElo "1977"]
[BlackElo "2019"]

1. d4 Nf6 2. c4 e6 3. Nc3 Bb4 4. Bd2 O-O 5. g3 c5 6. dxc5 Bxc5 7. Bg2 Ng4 8. e3
Ne5 9. Qe2 Nbc6 10. a3 d6 11. Nf3 Nxf3+ 12. Bxf3 a6 13. O-O Ba7 14. Rfd1 Qc7 15.
Ne4 f5 16. Ng5 Ne5 17. Rac1 Nxf3+ 18. Nxf3 Bd7 19. Bb4 Bc5 20. Bc3 Ba4 21. Rd2
Rfe8 22. Qd3 Bc6 23. Qe2 Rac8 24. b4 Ba7 25. Bd4 b6 26. Bb2 Ba8 27. h3 Qb7 28.
Rxd6 Bb8 0-1

[Event "Challenge"]
[Site "http://www.queenalice.com/game.php?id=245630"]
[Date "2007.7.25"]
[Round "-"]
[White "andrewmichael"]
[Black "blikinn"]
[Result "1-0"]
[WhiteElo "2038"]
[BlackElo "2018"]

1. Nf3 d5 2. e3 c5 3. d4 e6 4. Nc3 Nf6 5. Be2 c4 6. O-O Nc6 7. b3 Bb4 8. Bd2
cxb3 9. axb3 O-O 10. Na4 Bd6 11. c4 dxc4 12. bxc4 b6 13. Qc2 Bb7 14. c5 bxc5 15.
Nxc5 Bxc5 16. Qxc5 Ne4 17. Qh5 Nxd2 18. Nxd2 Ne7 19. Bf3 Nd5 20. Ne4 Qe7 21. Qe5
Rfd8 22. Nc5 Bc6 23. Rfc1 Bb5 24. Nxe6 Qxe6 25. Rc5 Qxe5 26. dxe5 a6 27. Bxd5
Rab8 28. e6 fxe6 29. Bxe6+ Kf8 30. Rc7 Rb6 31. Bb3 Rd7 32. Rxd7 Bxd7 33. Bd5 Ke7
34. f4 Bb5 35. Kf2 Kf6 36. e4 h5 37. h4 Rb8 38. Ke3 Rd8 39. Rc1 Ke7 40. g3 Rd6
41. Kd4 Rd8 42. Rc7+ Rd7 43. Rc8 Ra7 44. Rg8 Kf6 45. g4 hxg4 46. e5+ Kg6 47. Rh8
Kf5 48. Rf8+ Kg6 49. Be4+ 1-0

[Event "Challenge"]
[Site "http://www.queenalice.com/game.php?id=248989"]
[Date "2007.8.1"]
[Round "-"]
[White "andrewmichael"]
[Black "Catao"]
[Result "1-0"]
[WhiteElo "2035"]
[BlackElo "2017"]

1. d4 Nf6 2. c4 e6 3. Nc3 Bb4 4. e3 O-O 5. a3 Bxc3+ 6. bxc3 c5 7. Bd3 Nc6 8. Ne2
d5 9. O-O b6 10. cxd5 exd5 11. c4 dxc4 12. Bxc4 cxd4 13. Bb5 Bb7 14. Bxc6 Bxc6
15. Nxd4 Bb7 16. Bb2 Qd5 17. f3 Rfd8 18. Rc1 Rac8 19. e4 Rxc1 20. Qxc1 Qd7 21.
Nf5 Ne8 22. Bc3 Qd3 23. Bxg7 Nxg7 24. Qg5 Kf8 25. Qxg7+ Ke8 26. Qf6 Kd7 27. Rc1
1-0

[Event "Challenge"]
[Site "http://www.queenalice.com/game.php?id=256194"]
[Date "2007.8.15"]
[Round "-"]
[White "fernandobecker"]
[Black "andrewmichael"]
[Result "0-1"]
[WhiteElo "1490"]
[BlackElo "2038"]

1. e4 c5 2. Nc3 e6 3. Qh5 Nf6 4. Qf3 Nc6 5. Bb5 Nd4 6. Qd3 a6 7. e5 Nh5 8. g4
Nf4 9. Qe4 axb5 10. Nd1 d5 11. Qxf4 Ra4 12. Nh3 Nxc2+ 13. Kf1 Rxf4 14. Nxf4 Nxa1
15. Ne3 Qa5 16. Kg2 Qxa2 0-1

[Event "zinzacx77"]
[Site "http://www.queenalice.com/game.php?id=261867"]
[Date "2007.8.26"]
[Round "-"]
[White "JCruz"]
[Black "andrewmichael"]
[Result "1/2-1/2"]
[WhiteElo "2032"]
[BlackElo "2042"]

1. d4 Nf6 2. c4 e6 3. g3 d5 4. Bg2 Be7 5. Nf3 O-O 6. O-O c6 7. cxd5 exd5 8. Bf4
Qb6 9. b3 Bf5 10. Nc3 Nbd7 11. a4 Ne4 12. Nxe4 Bxe4 13. Bc1 Rfe8 14. Bb2 Bb4 15.
h3 Re6 16. Rc1 Be7 17. e3 Re8 18. Kh2 Qd8 19. Bc3 a5 20. Bb2 Bd6 21. Bc3 b6 22.
Bb2 Qf6 23. Kg1 Be7 24. Qe2 Qf5 25. Rfe1 Bf6 26. Rc3 c5 27. Rd1 Rc6 28. Rdc1
Rce6 29. Rd1 Rc6 30. Rdc1 Rd6 31. Rd1 h6 32. Rcc1 g5 33. Ba3 Rc6 34. dxc5 Nxc5
35. b4 axb4 36. Bxb4 Rec8 37. a5 bxa5 38. Bxa5 Bd3 39. Qa2 Bc4 40. Rxc4 dxc4 41.
Nd4 Bxd4 42. g4 Qf6 43. Bxc6 Bxe3 44. Bg2 Bd4 45. Qxc4 Qxf2+ 46. Kh1 Be5 47. Bb6
Qg3 48. Kg1 Bf4 49. Qe2 Ne6 50. Qf3 Qh2+ 51. Kf1 Be5 52. Bg1 Qf4 53. Be3 Qxf3+
54. Bxf3 Kg7 55. Rd5 Bf4 56. Bb6 Rc2 57. Rd7 Kf6 58. Ba5 Be5 59. Be1 Nf4 60. h4
Rb2 61. Be4 Kg7 62. h5 Kf6 63. Bh7 Kg7 64. Be4 Kf6 65. Bh7 Kg7 66. Be4 Ra2 67.
Bd2 Kf6 68. Be3 Ra1+ 69. Kf2 Ne6 70. Bd5 Ra4 71. Kf3 Ra3 72. Ke4 Ra4+ 73. Kf3
Bf4 74. Ba7 Ra3+ 75. Ke4 Ra4+ 1/2-1/2

[Event "Challenge"]
[Site "http://www.queenalice.com/game.php?id=264563"]
[Date "2007.8.31"]
[Round "-"]
[White "OLIMP2458"]
[Black "andrewmichael"]
[Result "1-0"]
[WhiteElo "2111"]
[BlackElo "2052"]

1. e4 c5 2. Nf3 d6 3. d4 cxd4 4. Nxd4 Nf6 5. Nc3 g6 6. Bc4 Bg7 7. Be3 O-O 8. O-O
Ng4 9. Bc1 Nc6 10. Nxc6 bxc6 11. Bb3 Rb8 12. Bg5 h6 13. Bf4 Qa5 14. Qd2 g5 15.
Bg3 Bxc3 16. bxc3 Nf6 17. f3 Ba6 18. Rfe1 Rfd8 19. h4 Nh5 20. Bf2 Rb7 21. hxg5
hxg5 22. Be3 g4 23. fxg4 Nf6 24. Qf2 Rf8 25. g5 Nxe4 26. Qh4 Qf5 27. Bd4 e5 28.
Rxe4 Qg6 29. Bf2 Kg7 30. Qh6+ Qxh6 31. gxh6+ Kxh6 32. Ra4 Be2 33. Rxa7 Rxa7 34.
Bxa7 f5 35. Bb6 e4 36. Kf2 Bg4 37. Bc7 d5 38. Ke3 Kg5 39. Bf4+ 1-0

[Event "Challenge"]
[Site "http://www.queenalice.com/game.php?id=264886"]
[Date "2007.9.1"]
[Round "-"]
[White "jcmobregon"]
[Black "andrewmichael"]
[Result "0-1"]
[WhiteElo "2085"]
[BlackElo "2053"]

1. e4 c5 2. Nc3 g6 3. Nf3 Bg7 4. d4 cxd4 5. Nxd4 d6 6. Bb5+ Nd7 7. Be3 Nf6 8. f3
a6 9. Be2 O-O 10. Qd2 Qc7 11. O-O b6 12. Rad1 Rd8 13. Bh6 Bxh6 14. Qxh6 Bb7 15.
Rfe1 Rac8 16. Qh4 Qc5 17. Kh1 b5 18. a3 Rc7 19. Nb3 Qb6 20. Nd4 Rdc8 21. Qg5 Kh8
22. Qd2 Nc5 23. Bf1 Na4 24. Nxa4 bxa4 25. c3 e5 26. Nc2 d5 27. exd5 Nxd5 28.
Rxe5 Qxb2 29. Qd4 Kg8 30. Nb4 Nf6 31. Qh4 Kg7 32. Rd6 Ng8 33. Nd5 Bxd5 34. Rexd5
Qxa3 35. Qd4+ f6 36. Rd7+ Kh8 37. Qh4 Rxd7 38. Rxd7 h5 39. Qe4 Qc1 40. Kg1 Rxc3
41. Qxg6 Qe3+ 42. Kh1 Qh6 43. Qg3 Rc1 44. Kg1 Qe3+ 45. Qf2 Qxf2+ 46. Kxf2 a3 47.
Rd2 a5 48. Ra2 Rc3 49. g4 h4 50. Rd2 Ne7 51. Bb5 Ng6 52. Ra2 Kg7 53. Be2 Nf4 54.
Bf1 Nd5 55. Rd2 Nb4 56. Rd7+ Kh6 57. Rd1 a2 58. Ra1 Rb3 59. Bc4 Rb2+ 60. Be2 Kg5
0-1

[Event "BOARD 2,DIV.C"]
[Site "http://www.queenalice.com/game.php?id=301228"]
[Date "2007.11.9"]
[Round "1"]
[White "aragats"]
[Black "andrewmichael"]
[Result "1-0"]
[WhiteElo "1760"]
[BlackElo "2070"]

1. e4 c5 2. Nf3 d6 3. d4 cxd4 4. Nxd4 Nf6 5. Nc3 g6 6. Be3 Bg7 7. f3 Nc6 8. Bb5
Bd7 9. O-O a6 10. Bc4 O-O 11. Qd2 Rc8 12. Bb3 1-0